000 009430000a22001210004500
100 1 _aReimers, Fernando
245 1 0 _aLa enseñanza de valores universales
300 _aVol.0, núm.4 (Febrero, 2005), Páginas 4-6
500 _aFernando Reimers es el director del Programa de Política Internacional de Educación de la Escuela de Educación de la Universidad de Harvard. Ha sido consultor del Instituto para el Desarrollo Internacional de Harvard, de la Universidad Central de Venezuela y del Banco Mundial. Condensado de un trabajo del mismo título presentado por el autor ante la Academia Norteamericana de Artes y Ciencias en mayo de 2004
520 _a¿Cómo construir civilidad universal en las escuelas? La competencia por definir los objetivos de las escuelas y las fallas de las instituciones internacionales. El problema de la implementación. Alternativas para el presente.
773 0 _tEducación para la paz
942 _cANA
999 _c60195
_d60195